000
00303nam a2200145Ia 4500
100
_a
Stanley/Paul
250
_a
5
490
_v
1&2
942
_c
BK
654
_a
manual
245
_a
Students solution Manual Physics
260
_b
John Wiley & Sons
_c
2002
082
_a
530
_b
STA
546
_a
ENGLISH
999
_c
25431
_d
25431